000 00604nam a2200229Ia 4500
003 OSt
005 20220923225357.0
006 a|||||r|||| 00| 0
007 ta
008 220922b |||||||| |||| 00| 0 hin d
024 _a264,795
037 _cTextual
040 _aARTS
_cARTS
_bhin
041 _2hin
_ahin
082 _a2:2, 152M3
100 _aत्रिपाठी
_9156277
245 0 _aआधुनिक ग्रथालय
246 _aĀdhunik grathālaya
260 _c1983
942 _h2:2, 152M3
_cTEXL
_2CC
999 _c377889
_d377889